| 000 | 01194nab a22002417a 4500 | ||
|---|---|---|---|
| 999 |
_c5502 _d5502 |
||
| 003 | OSt | ||
| 005 | 20251209144012.0 | ||
| 008 | 190502c xxu||||| |||| 00| 0 spa d | ||
| 040 | _cPJ | ||
| 100 |
_96495 _aFrega, Leonardo |
||
| 245 | 1 | 0 |
_aCoyuntura de los jóvenes en conflicto con la ley de la Ciudad Autónoma de Buenos Aires durante el 2024. Vínculo y alcance del actual proyecto de ley del régimen penal juvenil / _cLeonardo Frega. |
| 260 |
_aCiudad Autónoma de Buenos Aires : _bThomson Reuters La Ley, _c2025. |
||
| 300 | _ap. 31-52 | ||
| 500 | _aCita Online: AR/DOC/2135/2025. | ||
| 505 | _aSumario: I. Introducción.— II. Análisis estadístico del 2024 en la CABA.— III. El proyecto de ley penal juvenil (INLEG-2024-73985365-APN-PTE).— IV. Conclusiones. | ||
| 505 | _t¿Te interesa el texto completo? Solicitalo al correo: koha@justierradelfuego.gov.ar | ||
| 650 | 0 |
_9343 _aDERECHO PENAL |
|
| 650 | 0 |
_92348 _aPROCESO PENAL |
|
| 650 | 0 |
_92730 _aRÉGIMEN PENAL DE LA MINORIDAD |
|
| 650 | 0 |
_94193 _aPROYECTO DE LEY |
|
| 773 | 0 |
_02729 _93180 _dBuenos Aires : LexisNexis, 2006- _tRevista de derecho penal y procesal penal. Nº 10 - Octubre 2025 _z9875920622 |
|
| 942 |
_2udc _cANA |
||